[Event "Pardubice Czech op-A 30th"]
[Site "Pardubice"]
[Date "2019.07.24"]
[Round "6"]
[White "Polatel, Ali"]
[Black "Koykka, Pekka"]
[Result "0-1"]
[WhiteElo "2241"]
[BlackElo "2402"]
[PlyCount "160"]
[EventDate "2019.07.19"]
[EventType "swiss"]
[EventRounds "9"]
[EventCountry "CZE"]
[SourceTitle "CBM 191"]
[Source "ChessBase"]
[SourceDate "2019.08.31"]
[SourceVersion "1"]
[SourceVersionDate "2019.08.31"]
[SourceQuality "1"]

1. e4 Nf6 2. d3 e5 3. Nf3 Nc6 4. Be2 d5 5. Nbd2 Bc5 6. 0-0 0-0 7. c3 Re8 8. b4 Bf8 9. Bb2 a6 10. a3 Bg4 11. Qc2 Qd7 12. Rad1 Nh5 13. Rfe1 Nf4 14. Bf1 dxe4 15. dxe4 Qe6 16. h3 Bh5 17. Kh2 Qh6 18. g3 Ne6 19. Bc1 Bg4 20. h4 Qh5 21. Be2 g5 22. Rh1 gxh4 23. Kg2 h3+ 24. Kf1 Ng5 25. Qd3 Rad8 26. Qe3 Bh6 27. Nxg5 Bxg5 28. Bxg4 Qxg4 29. Qe2 h5 30. Ke1 Rd6 31. Qxg4 hxg4 32. Nc4 Rg6 33. Bxg5 Rxg5 34. Ke2 f5 35. exf5 Rxf5 36. Ne3 Rg5 37. Nd5 Rf8 38. a4 Rf3 39. Rxh3 Rxc3 40. Rh4 Rc4 41. Rdh1 Re4+ 42. Kf1 Rd4 43. Rh8+ Kf7 44. Ne3 Rxb4 45. Kg2 Rg8 46. R8h5 Rxa4 47. Rf5+ Ke8 48. Rh7 Rf8 49. Rg5 Rf7 50. Rg8+ Ke7 51. Rh6 a5 52. Nxg4 Ra2 53. Rc8 Kd7 54. Ra8 e4 55. Nf6+ Ke6 56. Nxe4+ Ke5 57. Rh4 a4 58. Kh3 b5 59. Nc5 Rfxf2 60. Nd3+ Kd5 61. Nxf2 Rxf2 62. g4 Rf3+ 63. Kg2 Rf7 64. Rh1 Ne5 65. Kg3 Rf3+ 66. Kh4 Rf4 67. Rd1+ Kc5 68. Kg5 Rxg4+ 69. Kf5 Nc4 70. Rd7 c6 71. Re7 Rg2 72. Kf4 a3 73. Ra6 Rf2+ 74. Kg3 Rf6 75. Rb7 Kb4 76. Kg4 Kb3 77. Kg5 Rd6 78. Ra8 a2 79. Rh7 Rd1 80. Rha7 Rd2 0-1

[Event "Pardubice Czech op-A 30th"]
[Site "Pardubice"]
[Date "2019.07.22"]
[Round "4"]
[White "Haba, Petr"]
[Black "Polatel, Ali"]
[Result "1-0"]
[WhiteElo "2458"]
[BlackElo "2241"]
[PlyCount "71"]
[EventDate "2019.07.19"]
[EventType "swiss"]
[EventRounds "9"]
[EventCountry "CZE"]
[SourceTitle "CBM 191"]
[Source "ChessBase"]
[SourceDate "2019.08.31"]
[SourceVersion "1"]
[SourceVersionDate "2019.08.31"]
[SourceQuality "1"]

1. e4 c6 2. d4 d5 3. Nd2 dxe4 4. Nxe4 Nf6 5. Nxf6+ exf6 6. c3 Bd6 7. Bd3 0-0 8. Qc2 g6 9. Ne2 Re8 10. h4 Be6 11. h5 f5 12. Bd2 c5 13. dxc5 Bxc5 14. 0-0-0 Nc6 15. Nf4 Ne5 16. Bb5 Bd7 17. Bxd7 Qxd7 18. hxg6 fxg6 19. Qb3+ Qf7 20. Nd5 Ng4 21. f3 Rad8 22. Bg5 Rxd5 23. Qxd5 Be3+ 24. Bxe3 Qxd5 25. Rxd5 Nxe3 26. Rd7 h5 27. Re1 f4 28. Re2 h4 29. b3 Re5 30. Rxb7 Rd5 31. c4 Rd1+ 32. Kb2 Kf8 33. Rxa7 Rg1 34. c5 Ke8 35. c6 Kd8 36. Rd2+ 1-0

[Event "Karlsruhe Grenke op"]
[Site "Karlsruhe"]
[Date "2019.04.21"]
[Round "7"]
[White "Sanal, Vahap"]
[Black "Polatel, Ali"]
[Result "1-0"]
[WhiteElo "2513"]
[BlackElo "2235"]
[PlyCount "153"]
[EventDate "2019.04.18"]
[EventType "swiss"]
[EventRounds "9"]
[EventCountry "GER"]
[SourceTitle "CBM 189 Extra"]
[Source "ChessBase"]
[SourceDate "2019.06.03"]
[SourceVersion "1"]
[SourceVersionDate "2019.06.03"]
[SourceQuality "1"]

1. e4 c5 2. Nf3 g6 3. d4 cxd4 4. Nxd4 Nc6 5. Nc3 Bg7 6. Be3 Nf6 7. Bc4 Qa5 8. 0-0 0-0 9. Bb3 d6 10. h3 Bd7 11. Re1 Rac8 12. Nf3 Qh5 13. Qe2 a6 14. Rad1 b5 15. a3 Rfe8 16. Ng5 Ne5 17. Qxh5 Nxh5 18. g4 h6 19. Nxf7 Nxf7 20. gxh5 gxh5 21. Kh2 e6 22. f4 Bc6 23. Bd4 Bxd4 24. Rxd4 Kf8 25. Rg1 Ke7 26. Rg6 Bd7 27. Rd2 Rg8 28. Rdg2 Rxg6 29. Rxg6 h4 30. Kg1 a5 31. f5 Ne5 32. Rxh6 b4 33. axb4 axb4 34. Rh7+ Kf6 35. fxe6 bxc3 36. exd7 Rd8 37. bxc3 Rxd7 38. Rh8 Rc7 39. c4 Nxc4 40. Rxh4 Ke5 41. Rh5+ Kf4 42. Kf2 Na3 43. Ke2 Nxc2 44. Bxc2 Rxc2+ 45. Kd3 Rc5 46. Rd5 Rc1 47. Rf5+ Kg3 48. Rh5 Kf4 49. Rf5+ Kg3 50. Kd2 Rc4 51. Ke3 Kxh3 52. Kf4 Rc6 53. Rd5 Kg2 54. Rd2+ Kf1 55. Ke3 Ra6 56. Kd4 Ke1 57. Rh2 Kf1 58. Kd5 Kg1 59. Rc2 Ra4 60. Rb2 Kf1 61. Rd2 Ke1 62. Rg2 Kd1 63. Rb2 Ke1 64. Rh2 Kd1 65. Rh4 Ke2 66. Kxd6 Ke3 67. Ke5 Ra5+ 68. Kf6 Ra6+ 69. Kf5 Ra4 70. Rh1 Ra8 71. e5 Rf8+ 72. Kg6 Kd4 73. e6 Rf2 74. e7 Re2 75. Kf7 Rf2+ 76. Ke6 Re2+ 77. Kd7 1-0

[Event "EU-ch 20th"]
[Site "Skopje"]
[Date "2019.03.28"]
[Round "10"]
[White "Polatel, Ali"]
[Black "Hnydiuk, Aleksander"]
[Result "1/2-1/2"]
[WhiteElo "2220"]
[BlackElo "2417"]
[PlyCount "56"]
[EventDate "2019.03.18"]
[EventType "swiss"]
[EventRounds "11"]
[EventCountry "MKD"]
[SourceTitle "CBM 189"]
[Source "ChessBase"]
[SourceDate "2019.04.29"]
[SourceVersion "1"]
[SourceVersionDate "2019.04.29"]
[SourceQuality "1"]

1. Nf3 c5 2. g3 Nc6 3. Bg2 g6 4. 0-0 Bg7 5. d3 d6 6. e4 e5 7. Nc3 Nge7 8. Nd2 0-0 9. Nc4 Be6 10. Nd5 Qd7 11. a4 f5 12. c3 Rae8 13. a5 Nd8 14. f4 fxe4 15. dxe4 Nxd5 16. exd5 Bg4 17. Qa4 Qxa4 18. Rxa4 Bd7 19. Ra2 Nf7 20. fxe5 Bb5 21. Rxf7 Bxc4 22. Rxf8+ Rxf8 23. Ra4 Bb5 24. Re4 Bxe5 25. Bh6 Rf7 26. Bh3 Bd3 27. Re1 Bf5 28. Bxf5 Rxf5 1/2-1/2

[Event "EU-ch 20th"]
[Site "Skopje"]
[Date "2019.03.26"]
[Round "8"]
[White "Polatel, Ali"]
[Black "Colovic, Aleksandar"]
[Result "0-1"]
[WhiteElo "2220"]
[BlackElo "2449"]
[PlyCount "82"]
[EventDate "2019.03.18"]
[EventType "swiss"]
[EventRounds "11"]
[EventCountry "MKD"]
[SourceTitle "CBM 189"]
[Source "ChessBase"]
[SourceDate "2019.04.29"]
[SourceVersion "1"]
[SourceVersionDate "2019.04.29"]
[SourceQuality "1"]

1. g3 d5 2. Nf3 c6 3. Bg2 Bg4 4. 0-0 Nd7 5. d4 e6 6. c3 Bd6 7. Re1 f5 8. Qb3 Nb6 9. Ne5 Bxe5 10. dxe5 Ne7 11. f3 Bh5 12. e4 fxe4 13. fxe4 0-0 14. Bh3 Qd7 15. exd5 cxd5 16. Na3 Nf5 17. Rf1 Be2 18. Rf2 Bd3 19. Bf4 Be4 20. Nb5 Nc4 21. Re1 a6 22. Nd4 b5 23. Qd1 Kh8 24. b3 Na5 25. Nxf5 Bxf5 26. Bg2 Rac8 27. Bc1 Qe7 28. Ref1 Rfd8 29. Qh5 Qa7 30. Kh1 Nc6 31. Bg5 Re8 32. Bxd5 Nxe5 33. Bg2 Bg6 34. Qe2 Nd3 35. Rf3 h6 36. Be3 Qc7 37. Bd2 Rcd8 38. Re3 e5 39. Qg4 Qb6 40. Re2 Rb8 41. Be1 Rf8 0-1

[Event "Berlin Lichtenrade op 14th"]
[Site "Berlin"]
[Date "2018.10.27"]
[Round "1"]
[White "Polatel, Ali"]
[Black "Stein, Siegfried"]
[Result "1-0"]
[WhiteElo "2214"]
[BlackElo "1808"]
[PlyCount "63"]
[EventDate "2018.10.27"]
[EventType "swiss"]
[EventRounds "9"]
[EventCountry "GER"]
[SourceTitle "CBM 187 Extra"]
[Source "ChessBase"]
[SourceDate "2018.11.04"]
[SourceVersion "1"]
[SourceVersionDate "2018.11.04"]
[SourceQuality "1"]

1. Nf3 g6 2. c4 Bg7 3. e4 d6 4. d4 Nf6 5. Nc3 0-0 6. Be2 e5 7. 0-0 Nc6 8. d5 Nd4 9. Nxd4 exd4 10. Qxd4 Ng4 11. Qd1 f5 12. exf5 gxf5 13. Bf4 Bd7 14. Qd2 Qf6 15. Rad1 Rae8 16. Rfe1 Qg6 17. Bf1 Be5 18. Ne2 Qh5 19. h3 Nf6 20. Ng3 Qg6 21. f3 h5 22. h4 Rf7 23. Bxe5 dxe5 24. Qg5 Kg7 25. c5 Rfe7 26. d6 cxd6 27. Rxd6 Qxg5 28. hxg5 Nh7 29. Nxh5+ Kf8 30. g6 Ng5 31. Nf6 Rd8 32. Red1 1-0

[Event "Warsaw Najdorf Memorial op-A 16th"]
[Site "Warsaw"]
[Date "2018.07.14"]
[Round "7"]
[White "Polatel, Ali"]
[Black "Kosakowski, Jakub"]
[Result "1/2-1/2"]
[WhiteElo "2238"]
[BlackElo "2324"]
[PlyCount "156"]
[EventDate "2018.07.08"]
[EventType "swiss"]
[EventRounds "9"]
[EventCountry "POL"]
[SourceTitle "CBM 185 Extra"]
[Source "ChessBase"]
[SourceDate "2018.07.29"]
[SourceVersion "1"]
[SourceVersionDate "2018.07.29"]
[SourceQuality "1"]

1. d4 Nf6 2. c4 e6 3. g3 Bb4+ 4. Bd2 a5 5. Bg2 0-0 6. e3 d5 7. Qc2 b6 8. Ne2 Ba6 9. b3 Nbd7 10. 0-0 Be7 11. Nbc3 Rc8 12. cxd5 exd5 13. Rfe1 c6 14. Rad1 Re8 15. Bc1 Bd6 16. Bb2 Qe7 17. Nf4 Bxf4 18. gxf4 Ne4 19. Na4 b5 20. Nc3 f5 21. Rc1 Kh8 22. f3 Nd6 23. Qf2 Qf7 24. Bf1 Bb7 25. Rcd1 Re6 26. Bd3 Rce8 27. Re2 R8e7 28. Rde1 Qe8 29. Nd1 Nf6 30. Ba3 b4 31. Bc1 h6 32. Nb2 Qh5 33. Na4 Re8 34. Nc5 R6e7 35. Rc2 Bc8 36. Be2 g5 37. Nd3 Bb7 38. fxg5 hxg5 39. Ne5 Rh7 40. Kh1 Rg8 41. Rg1 g4 42. e4 g3 43. Rxg3 Rxg3 44. Qxg3 Rg7 45. Qf4 Kg8 46. Qh6 dxe4 47. Qxh5 Nxh5 48. fxe4 c5 49. dxc5 Bxe4+ 50. Bf3 Bxc2 51. cxd6 Nf6 52. Bh6 Ra7 53. Bg5 Nd7 54. Be3 Ra6 55. Nxd7 Rxd6 56. Nb6 Rd3 57. Bd5+ Kg7 58. Bf4 Bb1 59. Bc4 Rd1+ 60. Kg2 Bxa2 61. Na4 Kg6 62. Nc5 Rb1 63. Be6 a4 64. bxa4 Bxe6 65. Nxe6 b3 66. Be5 b2 67. Kh3 Kf7 68. Ng5+ Ke7 69. Kh4 Rh1 70. Bxb2 Rxh2+ 71. Nh3 Rxb2 72. Kg5 Ra2 73. Kxf5 Rxa4 74. Nf4 Ra5+ 75. Ke4 Kd6 76. Nd3 Ra4+ 77. Kf5 Rd4 78. Nf4 Rxf4+ 1/2-1/2

[Event "Warsaw Najdorf Memorial op-A 16th"]
[Site "Warsaw"]
[Date "2018.07.08"]
[Round "1"]
[White "Klekowski, Maciej"]
[Black "Polatel, Ali"]
[Result "1/2-1/2"]
[WhiteElo "2511"]
[BlackElo "2238"]
[PlyCount "80"]
[EventDate "2018.07.08"]
[EventType "swiss"]
[EventRounds "9"]
[EventCountry "POL"]
[SourceTitle "CBM 185 Extra"]
[Source "ChessBase"]
[SourceDate "2018.07.29"]
[SourceVersion "1"]
[SourceVersionDate "2018.07.29"]
[SourceQuality "1"]

1. c4 c6 2. Nf3 d5 3. e3 Nf6 4. Nc3 Bg4 5. cxd5 Bxf3 6. gxf3 cxd5 7. d4 Nc6 8. Bd2 e6 9. Rc1 Bd6 10. f4 0-0 11. Bd3 Rc8 12. a3 g6 13. 0-0 Nh5 14. Kh1 Qh4 15. Rg1 Kh8 16. Qf3 Qf6 17. b4 Ng7 18. Na4 Rc7 19. b5 Nb8 20. Rxc7 Bxc7 21. Bb4 Rd8 22. Rc1 Ne8 23. Nc5 b6 24. Na6 Nxa6 25. bxa6 Bd6 26. Bxd6 Nxd6 27. Rc7 Rc8 28. Rxa7 Rc3 29. Qd1 Rxa3 30. Rd7 Nc4 31. a7 Kg7 32. Bxc4 dxc4 33. Qf3 Ra1+ 34. Kg2 Qf5 35. Rc7 Qd5 36. e4 Qxd4 37. f5 exf5 38. exf5 gxf5 39. a8Q Rxa8 40. Qxa8 Qg4+ 1/2-1/2

[Event "Berlin Lichtenrade op 13th"]
[Site "Berlin"]
[Date "2017.11.02"]
[Round "6"]
[White "Florstedt, Johannes"]
[Black "Polatel, Ali"]
[Result "1-0"]
[WhiteElo "2243"]
[BlackElo "2268"]
[PlyCount "49"]
[EventDate "2017.10.28"]
[EventType "swiss"]
[EventRounds "9"]
[EventCountry "GER"]
[SourceTitle "CBM 181 Extra"]
[Source "ChessBase"]
[SourceDate "2017.12.12"]
[SourceVersion "1"]
[SourceVersionDate "2017.12.12"]
[SourceQuality "1"]

1. e4 c5 2. Nf3 g6 3. d4 cxd4 4. Qxd4 Nf6 5. Nc3 Nc6 6. Qa4 Bg7 7. e5 Ng8 8. Bf4 f6 9. exf6 Nxf6 10. 0-0-0 d6 11. Bc4 Qa5 12. Qb3 Qb4 13. Qxb4 Nxb4 14. Nb5 Nh5 15. Nxd6+ exd6 16. Rhe1+ Kd8 17. Bxd6 Nc6 18. Ne5 Bd7 19. Nxd7 Kxd7 20. Be5+ Nd4 21. Bxd4 Bxd4 22. Rxd4+ Kc6 23. Re6+ Kc5 24. c3 a5 25. Bb3 1-0

[Event "Tatry op"]
[Site "Tatranska Lomnica"]
[Date "2017.10.08"]
[Round "1"]
[White "Pniaczek, Marek"]
[Black "Polatel, Ali"]
[Result "1/2-1/2"]
[WhiteElo "2042"]
[BlackElo "2268"]
[PlyCount "146"]
[EventDate "2017.10.08"]
[EventType "swiss"]
[EventRounds "9"]
[EventCountry "SVK"]
[SourceTitle "CBM 181 Extra"]
[Source "ChessBase"]
[SourceDate "2017.12.12"]
[SourceVersion "1"]
[SourceVersionDate "2017.12.12"]
[SourceQuality "1"]

1. e4 c5 2. Nf3 g6 3. d4 cxd4 4. Nxd4 Nc6 5. c4 Nf6 6. Nc3 d6 7. f3 Nxd4 8. Qxd4 Bg7 9. Be3 0-0 10. Qd2 a5 11. Na4 Nd7 12. Be2 b6 13. Rd1 Bb7 14. b3 Nc5 15. Nc3 f5 16. exf5 gxf5 17. Nd5 Rf7 18. 0-0 Rb8 19. Bg5 Ne6 20. Be3 Nc5 21. Rfe1 Bc6 22. Bf1 Qf8 23. Bg5 e5 24. Ne3 Rd7 25. Nd5 Kh8 26. Qc2 Rf7 27. Qf2 Bh6 28. Qh4 Bxg5 29. Qxg5 Rg7 30. Qf6 Qxf6 31. Nxf6 Bxf3 32. Rxd6 Ne4 33. Nxe4 Bxe4 34. Red1 Re7 35. Rd8+ Rxd8 36. Rxd8+ Kg7 37. Rd6 Bb1 38. a3 e4 39. Kf2 f4 40. Rxb6 Rd7 41. Ke1 e3 42. c5 Be4 43. Re6 Bd5 44. c6 Rc7 45. Re5 Bxb3 46. Rb5 Rxc6 47. Rxb3 Rc2 48. Kd1 Rd2+ 49. Ke1 Ra2 50. Be2 a4 51. Rd3 Kf6 52. g3 Ra1+ 53. Bd1 f3 54. Rxe3 f2+ 55. Kxf2 Rxd1 56. Re4 Rd2+ 57. Kg1 Ra2 58. Rxa4 Kg6 59. Ra8 h6 60. a4 Kg7 61. a5 Kh7 62. a6 Kg7 63. a7 Kh7 64. Kf1 Kg7 65. Ke1 Kh7 66. Kd1 Kg7 67. Kc1 Kh7 68. Kb1 Ra6 69. g4 Kg7 70. h4 Kh7 71. g5 hxg5 72. hxg5 Kg7 73. g6 Ra5 1/2-1/2

[Event "Berlin Werner Ott op"]
[Site "Berlin"]
[Date "2017.07.20"]
[Round "6"]
[White "Berger, Steve"]
[Black "Polatel, Ali"]
[Result "1-0"]
[WhiteElo "2411"]
[BlackElo "2211"]
[PlyCount "83"]
[EventDate "2017.07.15"]
[EventType "swiss"]
[EventRounds "9"]
[EventCountry "GER"]
[SourceTitle "EXT 2019"]
[Source "ChessBase"]
[SourceDate "2018.10.10"]
[SourceVersion "1"]
[SourceVersionDate "2018.10.10"]
[SourceQuality "1"]

1. e4 c5 2. Nf3 g6 3. d4 cxd4 4. Nxd4 Nc6 5. c4 Nf6 6. Nc3 d6 7. Be2 Nxd4 8. Qxd4 Bg7 9. Bg5 0-0 10. Qd2 Be6 11. 0-0 a5 12. b3 a4 13. e5 dxe5 14. Qxd8 Raxd8 15. Nxa4 h6 16. Be3 Nd7 17. Rad1 f5 18. Nc5 Nxc5 19. Bxc5 Kf7 20. f3 h5 21. Bb6 Rxd1 22. Rxd1 Bh6 23. a4 g5 24. a5 g4 25. b4 Rc8 26. c5 Be3+ 27. Kh1 Bd4 28. f4 Bb3 29. Rd3 Bc2 30. Rd2 Be4 31. fxe5 Bxe5 32. Bd3 Bxd3 33. Rxd3 f4 34. Kg1 Ke6 35. Kf1 h4 36. b5 Rf8 37. h3 gxh3 38. gxh3 Rg8 39. a6 bxa6 40. bxa6 Kf5 41. a7 Ke4 42. Rd8 1-0